The historical Bible, Vol 3: (Record no. 15395)

000 -LEADER
fixed length control field 00618nam a2200181 a 4500
001 - CONTROL NUMBER
control field :::00014229$&:&@@
003 - CONTROL NUMBER IDENTIFIER
control field OkBaRHE
005 - DATE AND TIME OF LATEST TRANSACTION
control field 20000829083156.0
008 - FIXED-LENGTH DATA ELEMENTS--GENERAL INFORMATION
fixed length control field s1913 j 000 0 eng u
040 ## - CATALOGING SOURCE
Transcribing agency
100 1# - MAIN ENTRY--PERSONAL NAME
Personal name Kent, Charles Foster, 1867-1925,
245 14 - TITLE STATEMENT
Title The historical Bible, Vol 3:
Remainder of title The kings and prophets of israel and judah.
260 ## - PUBLICATION, DISTRIBUTION, ETC. (IMPRINT)
Place of publication, distribution, etc New York, NY., :
Name of publisher, distributor, etc Charles Scribner's Sons
Date of publication, distribution, etc c1913
300 ## - PHYSICAL DESCRIPTION
Extent 323 p. : illus. ;
Dimensions 19 cm.
650 ## - SUBJECT ADDED ENTRY--TOPICAL TERM
Topical term or geographic name as entry element Jesus Christ
General subdivision Biography
942 ## - ADDED ENTRY ELEMENTS (KOHA)
Source of classification or shelving scheme
Koha item type Books
Copies
Date acquired Copy number Not for loan Lost status Full call number Withdrawn status Source of classification or shelving scheme Date last seen Shelving location Price effective from Permanent Location Damaged status Barcode Koha item type
2010-04-141  BS 511 .K4  2010-04-14General Stacks2010-04-14RHEMA Bible Training College 14229Books